| 000 | 00524nam a2200193Ia 4500 | ||
|---|---|---|---|
| 001 | 66103 | ||
| 008 | 230928n ii |||gr||||Z||||||465 | ||
| 020 | _a9789386235336 | ||
| 082 | _a511.7 | ||
| 100 | _aDemmel. | ||
| 245 | 0 |
_aApplied Numerical Linear Algebra _cBy James W Demmel _hTextual Documents |
|
| 250 | _aFirst. | ||
| 260 |
_aHyderabad _bUniversity Press _c2018. |
||
| 300 |
_a419pg: _c23cm. |
||
| 653 | _aMathematics | ||
| 653 | _aApplied Numerical Linear Algebra | ||
| 653 | _aG--Gift Section | ||
| 942 |
_2ddc _cBK |
||
| 999 |
_c67196 _d67196 |
||